Fundamentos de Física III Óptica / Francis W. Sears (Registro nro. 21518)
[ vista simple ]
| 000 -LÍDER | |
|---|---|
| fixed length control field | 00333nam a2200121 4500 |
| 008 - ELEMENTOS DE LONGITUD FIJA -- INFORMACIÓN GENERAL | |
| fixed length control field | 0 1960 0a 000 0ESP |
| 082 ## - NUMERO DE CLASIFICACION DECIMAL DEWEY | |
| Número de Clasificación | 535.2 S753f |
| 100 ## - ASIENTO PRINCIPAL--NOMBRE PERSONAL | |
| Nombre personal | Sears, Francis W. |
| 245 ## - TÍTULO | |
| Título | Fundamentos de Física III Óptica / Francis W. Sears |
| 250 ## - MENCIÓN DE EDICIÓN | |
| Mención de edición | 2 |
| 260 ## - PUBLICACIÓN, DISTRIBUCIÓN, ETC. (PIE DE IMPRENTA) | |
| Lugar de publicación, distribución, etc. | Madrid : Aguilar |
| 300 ## - DESCRIPCIÓN FÍSICA | |
| Extensión | xii, 385p. / 22 cm. |
| No. biblioteca | No. biblioteca | Número de clasificación | Código de barras/Número de adquisición | Número de copia | Tipo de material |
|---|---|---|---|---|---|
| LUIS G. INCLAN | LUIS G. INCLAN | 535.2 S753f | 3970 | 2 | Libros |
